[Event "Jm KP I 23-24 Hodonin-Lipovec"]
[Site "Sportklub Hodonin"]
[Date "2024.04.14"]
[Round "63.6"]
[White "Sevcik, David"]
[Black "Skocik, Marek"]
[Result "1/2-1/2"]
[WhiteElo "1938"]
[BlackElo "1964"]
[PlyCount "31"]

{255MB} 1. b3 1... e5 2. Bb2 Nc6 3. e3 Nf6 4. Nf3 e4 5. Nd4 Nxd4 6. exd4 d5 7.
Be2 Bd6 8. Ba3 Bxa3 9. Nxa3 c6 10. O-O Qd6 11. Nb1 h5 12. f3 exf3 13. Bxf3 Ng4
14. Qe2+ Be6 15. Bxg4 hxg4 16. Qe5 1/2-1/2

[Event "Jm KP I 23-24 Hodonin-Lipovec"]
[Site "Sportklub Hodonín"]
[Date "2024.04.14"]
[Round "63.7"]
[White "Vlcko, Tomas"]
[Black "Sevcik, Milan"]
[Result "1-0"]
[WhiteElo "1913"]
[BlackElo "1860"]
[PlyCount "55"]

{255MB} 1. Nf3 g6 2. g3 Bg7 3. Bg2 e5 4. d3 d5 5. O-O Nc6 6. Nbd2 Be6 7. e4 d4
8. Nb3 b6 9. Ng5 Qd7 10. Nxe6 Qxe6 11. f4 f6 12. c3 Qd7 13. fxe5 fxe5 14. cxd4
Nxd4 15. Be3 c5 16. Nxd4 cxd4 17. Bg5 h6 18. Bd2 a5 19. Qb3 Nf6 20. Rac1 a4 21.
Qxb6 O-O 22. Rc7 Qd8 23. Qb7 Ne8 24. Rxf8+ Bxf8 25. Rd7 Qb8 26. Qd5+ Kh8 27.
Qf7 Ng7 28. Bxh6 1-0

[Event "Jm KP I 23-24 Hodonin-Lipovec"]
[Site "Sportklub Hodonin"]
[Date "2024.04.14"]
[Round "63.8"]
[White "Jirasko, Martin"]
[Black "Taptic, Filip"]
[Result "1/2-1/2"]
[WhiteElo "1723"]
[BlackElo "1907"]
[PlyCount "74"]

{255MB} 1. e4 1... c5 2. Nf3 d6 3. Nc3 Nf6 4. d4 cxd4 5. Nxd4 a6 6. h3 e5 7.
Nf3 Be7 8. Bc4 h6 9. Be3 Qc7 10. Bb3 Be6 11. O-O O-O 12. Nd2 Nbd7 13. Qe2 Nc5
14. f4 exf4 15. Bxf4 Nxb3 16. Nxb3 Bc4 17. Qe3 Bxf1 18. Rxf1 Kh7 19. Qd3 Kh8
20. Nd4 Rad8 21. Qe3 Kh7 22. Nf5 Rfe8 23. Bxh6 Qc5 24. Qxc5 dxc5 25. Bxg7 Nh5
26. Be5 Bf8 27. Bh2 Ng7 28. Nd5 Re6 29. Nxg7 Kxg7 30. Bc7 Rd7 31. Rf4 Bd6 32.
Rg4+ Rg6 33. Rxg6+ Kxg6 34. Bxd6 Rxd6 35. c4 b5 36. b3 bxc4 37. bxc4 Kg5
1/2-1/2

[Event "Jm KP I 23-24 Rudice-Veseli"]
[Site "?"]
[Date "2024.04.14"]
[Round "64.1"]
[White "Rada, Michal"]
[Black "Uricar, Jakub"]
[Result "1/2-1/2"]
[WhiteElo "2073"]
[BlackElo "2117"]
[PlyCount "82"]
[EventDate "2023.10.22"]

1. e4 c5 2. d4 cxd4 3. c3 d3 4. Bxd3 Nc6 5. Nf3 g6 6. e5 d5 7. O-O Bg4 8. Bf4
e6 9. h3 Bxf3 10. Qxf3 Bg7 11. Re1 Nge7 12. Nd2 O-O 13. Qe2 Qd7 14. Rad1 Rae8
15. Nf3 a6 16. Qd2 f6 17. Bh6 Nxe5 18. Nxe5 fxe5 19. Bxg7 Kxg7 20. Rxe5 Nc6 21.
Ree1 Rf6 22. f4 Ref8 23. g3 Qc7 24. Bc2 e5 25. Qxd5 Qb6+ 26. Kh1 exf4 27. g4 f3
28. g5 R6f7 29. Bb3 f2 30. Rf1 Qe3 31. Qd3 Qxd3 32. Rxd3 Ne5 33. Re3 Rf5 34.
Rg3 Rd8 35. Be6 Rf4 36. Re3 Nd3 37. Re2 Rdf8 38. Rd2 Nc5 39. Bd5 Rd8 40. c4 Ne4
41. Rd3 Nxg5 1/2-1/2

[Event "Jm KP I 23-24 Rudice-Veseli"]
[Site "?"]
[Date "2024.04.14"]
[Round "64.2"]
[White "Symersky, Petr"]
[Black "Hnilicka, Michal"]
[Result "1-0"]
[WhiteElo "2087"]
[BlackElo "1901"]
[PlyCount "97"]
[EventDate "2023.10.22"]

1. Nf3 Nf6 2. d4 d5 3. c4 e6 4. g3 dxc4 5. Qa4+ Nc6 6. Bg2 Bb4+ 7. Bd2 Bxd2+ 8.
Nbxd2 Bd7 9. Qxc4 O-O 10. O-O a5 11. Rac1 Rc8 12. Rfd1 Na7 13. Nb3 Bb5 14. Qc2
Nc6 15. Ne5 Nb4 16. Qb1 Bxe2 17. Rd2 Ba6 18. Nxa5 Nbd5 19. Nb3 b6 20. a3 Bb5
21. Nc6 Bxc6 22. Rxc6 Ne7 23. Rc4 Nfd5 24. Nc1 f5 25. Nd3 Rf6 26. Qe1 Qd6 27.
Qe5 Rff8 28. Rdc2 h6 29. Nb4 Nxb4 30. axb4 Rcd8 31. Rxc7 Qxe5 32. dxe5 Rd1+ 33.
Bf1 Nd5 34. Rc1 Rd2 35. R7c2 Rxc2 36. Rxc2 Nxb4 37. Rc4 Nd5 38. Rc6 Kf7 39. Bc4
Rd8 40. Kf1 g5 41. Ke2 f4 42. Kf3 h5 43. gxf4 Nxf4 44. Rxb6 Rd4 45. b3 g4+ 46.
Ke3 Nd5+ 47. Kxd4 Nxb6 48. Kc5 Nd7+ 49. Kd6 1-0

[Event "Jm KP I 23-24 Rudice-Veseli"]
[Site "?"]
[Date "2024.04.14"]
[Round "64.3"]
[White "Saida, Jan"]
[Black "Skalka, Jan"]
[Result "1/2-1/2"]
[WhiteElo "1900"]
[BlackElo "1966"]
[PlyCount "119"]
[EventDate "2023.10.22"]

1. d4 Nf6 2. c4 g6 3. Nc3 d5 4. cxd5 Nxd5 5. e4 Nxc3 6. bxc3 Bg7 7. Bc4 O-O 8.
Qf3 Bxd4 9. Bh6 Bg7 10. Rd1 Nd7 11. Bxg7 Kxg7 12. h4 e6 13. h5 Qf6 14. hxg6
Qxf3 15. Nxf3 hxg6 16. Ng5 a6 17. f4 Nf6 18. Rd3 Nh5 19. e5 b5 20. Bb3 Nxf4 21.
Rh7+ Kg8 22. Rf3 f6 23. Rxf4 fxg5 24. Rxf8+ Kxh7 25. Rf7+ Kh6 26. Rxc7 g4 27.
g3 Rb8 28. Ke2 a5 29. Re7 Rb6 30. Rc7 Bb7 31. Ke3 b4 32. cxb4 Rxb4 33. Bxe6
Re4+ 34. Kd3 Rxe5 35. Rxb7 Rxe6 36. Rb5 Rf6 37. Rxa5 Rf3+ 38. Ke2 Rxg3 39. Kf2
Rc3 40. a4 Ra3 41. Ra8 Kg5 42. a5 g3+ 43. Kg2 Kg4 44. a6 Ra2+ 45. Kg1 g2 46.
Rb8 Rxa6 47. Rb4+ Kg3 48. Rb3+ Kh4 49. Rb4+ Kh5 50. Kxg2 g5 51. Kg3 Ra3+ 52.
Kg2 g4 53. Rb8 Rf3 54. Rh8+ Kg5 55. Rg8+ Kf4 56. Rf8+ Ke3 57. Re8+ Kf4 58. Rf8+
Ke3 59. Re8+ Kf4 60. Rf8+ 1/2-1/2

[Event "Jm KP I 23-24 Rudice-Veseli"]
[Site "?"]
[Date "2024.04.14"]
[Round "64.4"]
[White "Vrtal, Jaroslav"]
[Black "Matuska, Jan"]
[Result "1-0"]
[WhiteElo "1974"]
[BlackElo "1894"]
[PlyCount "125"]
[EventDate "2023.10.22"]

1. d4 Nf6 2. Nf3 g6 3. g3 Bg7 4. Bg2 O-O 5. O-O d6 6. c4 Nbd7 7. Nc3 Re8 8. e4
e5 9. h3 exd4 10. Nxd4 Nc5 11. f3 a5 12. Be3 Nh5 13. Bf2 Ne6 14. Nde2 Rf8 15.
f4 Nf6 16. Qd2 Rb8 17. Rad1 b6 18. g4 Bb7 19. Ng3 Nc5 20. Rfe1 Qc8 21. f5 Nfd7
22. b3 Ne5 23. g5 Re8 24. Bxc5 dxc5 25. f6 Bf8 26. Nd5 Nc6 27. Qf4 Bd6 28. Qh4
Re5 29. Nxb6 cxb6 30. Rxd6 Ba8 31. Rdd1 Qe8 32. Ne2 Qf8 33. Qf4 Rbe8 34. a3 Bb7
35. h4 Bc8 36. Nc3 Nd4 37. Nd5 Qd6 38. b4 Be6 39. bxc5 bxc5 40. Qf2 Bd7 41. Rb1
Bg4 42. Rb2 Qd7 43. Qg3 Bh5 44. Ne7+ R5xe7 45. fxe7 Rxe7 46. Kh1 Qe6 47. Qf4
Re8 48. Rb8 Rxb8 49. Qxb8+ Kg7 50. Qf4 Ne2 51. Qf6+ Qxf6 52. gxf6+ Kxf6 53. Rb1
Ke5 54. Rb5 Kd4 55. Rxa5 Kxc4 56. Ra7 Kd4 57. a4 c4 58. a5 Ng3+ 59. Kh2 Nxe4
60. Rd7+ Ke3 61. Re7 f5 62. a6 c3 63. Bxe4 1-0

[Event "Jm KP I 23-24 Rudice-Veseli"]
[Site "?"]
[Date "2024.04.14"]
[Round "64.5"]
[White "Nejezchleb, Drahos"]
[Black "Krizek, Frantisek"]
[Result "0-1"]
[WhiteElo "1955"]
[BlackElo "1959"]
[PlyCount "88"]
[EventDate "2023.10.22"]

1. e4 c6 2. d4 d5 3. exd5 cxd5 4. c3 Nf6 5. Bf4 Nc6 6. Nf3 Bg4 7. Nbd2 Ne4 8.
Be2 Nxd2 9. Qxd2 e6 10. O-O Be7 11. h3 Bh5 12. Ne5 Nxe5 13. dxe5 Bxe2 14. Qxe2
O-O 15. Be3 Qc7 16. Bd4 Rfe8 17. Rfe1 Bf8 18. Qe3 b6 19. Qe2 Qc4 20. Qxc4 dxc4
21. Rad1 Red8 22. Be3 Be7 23. Rxd8+ Rxd8 24. Bd4 Kf8 25. Kf1 Ke8 26. Re2 Rd7
27. Re1 g6 28. Ke2 a5 29. Rd1 b5 30. Bb6 Rxd1 31. Kxd1 a4 32. a3 Kd7 33. Ke2
Kc6 34. Bd4 Kd5 35. Ke3 g5 36. g4 h6 37. f3 Bd8 38. f4 gxf4+ 39. Kxf4 Bg5+ 40.
Kf3 Bc1 41. h4 Bxb2 42. Be3 Bxa3 43. Bxh6 Be7 44. Bc1 Bxh4 0-1

[Event "Jm KP I 23-24 Rudice-Veseli"]
[Site "?"]
[Date "2024.04.14"]
[Round "64.6"]
[White "Klenner, Richard"]
[Black "Toulec, Richard"]
[Result "0-1"]
[WhiteElo "1977"]
[BlackElo "1792"]
[PlyCount "70"]
[EventDate "2023.10.22"]

1. e4 c5 2. Nf3 Nc6 3. Bb5 d6 4. d4 cxd4 5. Nxd4 Bd7 6. O-O Nf6 7. Nc3 g6 8.
Be3 Bg7 9. f3 O-O 10. Qd2 Nb4 11. Be2 Rc8 12. Ncb5 a6 13. Na3 Nc6 14. c3 Nh5
15. g4 Nf6 16. Kg2 e5 17. Nb3 Qe7 18. Rad1 Ne8 19. Nc4 Be6 20. Bb6 Bxc4 21.
Bxc4 Qh4 22. Be3 Qe7 23. Bg5 Qc7 24. Bd5 Kh8 25. Bh6 Qe7 26. Bxg7+ Kxg7 27. Qe3
Nc7 28. Nd2 Ne6 29. Bxe6 fxe6 30. h3 Rf4 31. Rg1 Qg5 32. Qf2 Rcf8 33. Qg3 d5
34. Rgf1 Qf6 35. h4 Qf7 0-1

[Event "Jm KP I 23-24 Rudice-Veseli"]
[Site "?"]
[Date "2024.04.14"]
[Round "64.7"]
[White "Crhonek, Vitezslav"]
[Black "Skalka, Michal"]
[Result "0-1"]
[WhiteElo "1898"]
[BlackElo "1896"]
[PlyCount "118"]
[EventDate "2023.10.22"]

1. c4 e5 2. Nc3 Nf6 3. Nf3 Nc6 4. d4 exd4 5. Nxd4 Ne5 6. e4 Bb4 7. Bd2 O-O 8.
Nd5 Bxd2+ 9. Qxd2 Nxe4 10. Qc2 Nf6 11. Be2 c6 12. Ne3 Qa5+ 13. Qd2 Qxd2+ 14.
Kxd2 Ne4+ 15. Ke1 d6 16. f3 Nc5 17. Kd2 Ng6 18. Rhe1 Be6 19. Rac1 Na4 20. b3
Nb6 21. g3 Rad8 22. f4 Bc8 23. Bf3 Rfe8 24. Kc3 Kf8 25. Rcd1 Ne7 26. Re2 d5 27.
cxd5 Nexd5+ 28. Nxd5 Nxd5+ 29. Bxd5 Rxd5 30. Rxe8+ Kxe8 31. Rd2 Bg4 32. Nc2
Rc5+ 33. Kb4 b6 34. Ne3 Be6 35. Rd4 Rh5 36. Rd2 Ke7 37. Kc3 Rc5+ 38. Kd4 a5 39.
Ke4 f5+ 40. Kd4 Rb5 41. Kc3 h6 42. Rd4 Rc5+ 43. Kd3 Rc1 44. Ke2 b5 45. Rd2 c5
46. Kd3 g5 47. fxg5 hxg5 48. Rc2 Rxc2 49. Kxc2 Kd6 50. Kd3 Ke5 51. Nd1 c4+ 52.
Kc2 b4 53. Nf2 Bd5 54. Nh3 g4 55. Nf2 c3 56. h4 gxh3 57. Nxh3 Be4+ 58. Kc1 Kd4
59. Ng5 Ke3 0-1

[Event "Jm KP I 23-24 Rudice-Veseli"]
[Site "?"]
[Date "2024.04.14"]
[Round "64.8"]
[White "Vicar, Lubomir"]
[Black "Klinkovsky, Jiri"]
[Result "1-0"]
[WhiteElo "1855"]
[BlackElo "1779"]
[PlyCount "109"]
[EventDate "2023.10.22"]

1. d4 d5 2. Nf3 Nf6 3. Bf4 c6 4. e3 Bg4 5. c4 e6 6. Nc3 Nbd7 7. a3 Be7 8. cxd5
exd5 9. Be2 O-O 10. O-O Re8 11. h3 Bf5 12. b4 Ne4 13. Nxe4 Bxe4 14. Bd3 Nf6 15.
Ng5 Bxd3 16. Qxd3 h6 17. Nf3 Ne4 18. Nd2 Bg5 19. Bxg5 Qxg5 20. Nxe4 Rxe4 21. b5
Re6 22. bxc6 Rxc6 23. Rfc1 Rac8 24. Rxc6 Rxc6 25. Qb5 Qe7 26. Qxd5 Rc3 27. Qe5
Qxe5 28. dxe5 b5 29. Kf1 Kf8 30. Ra2 Ke7 31. Ke2 Ke6 32. f4 a6 33. h4 g6 34. g4
Rc1 35. Rd2 Rc6 36. Kf3 a5 37. Rd3 Ke7 38. f5 gxf5 39. gxf5 Rc5 40. Kf4 Rc4+
41. e4 a4 42. f6+ Ke8 43. Kf5 b4 44. axb4 Rxb4 45. Ra3 Rc4 46. h5 Rb4 47. Rg3
Rb1 48. e6 fxe6+ 49. Kxe6 Rb6+ 50. Kf5 Ra6 51. Ra3 Kf7 52. e5 Ra5 53. Rc3 a3
54. Rc7+ Ke8 55. f7+ 1-0

[Event "Jm KP I 23-24 Letovice-Jundrov C"]
[Site "?"]
[Date "2024.04.14"]
[Round "65.1"]
[White "Handl, Martin"]
[Black "Bednar, Jakub"]
[Result "1-0"]
[WhiteElo "2002"]
[BlackElo "2214"]
[PlyCount "45"]
[EventDate "2024.??.??"]

1. e4 c5 2. Nf3 Nc6 3. d4 cxd4 4. Nxd4 Nf6 5. Nc3 e5 6. Ndb5 d6 7. Bg5 a6 8.
Na3 b5 9. Nd5 Be7 10. Bxf6 Bxf6 11. c3 Bg5 12. Nc2 O-O 13. Nce3 Rb8 14. Be2 a5
15. O-O Be6 16. g3 b4 17. Qa4 Bxe3 18. Nxe3 Ne7 19. Rfd1 bxc3 20. bxc3 Qc7 21.
Qa3 Rfc8 22. Rxd6 Qxc3 23. Rd8+ 1-0

[Event "Jm KP I 23-24 Letovice-Jundrov C"]
[Site "?"]
[Date "2024.04.14"]
[Round "65.2"]
[White "Slepov, Cyril"]
[Black "Sevcik, Leos"]
[Result "1-0"]
[WhiteElo "2168"]
[BlackElo "2001"]
[PlyCount "103"]
[EventDate "2024.??.??"]

1. d4 f5 2. Nc3 Nf6 3. Bg5 e6 4. e4 fxe4 5. Nxe4 Be7 6. Bxf6 Bxf6 7. Nf3 O-O 8.
Bd3 b6 9. O-O Bb7 10. Re1 Nc6 11. c3 Ne7 12. Ne5 Bxe5 13. dxe5 Ng6 14. Ng3 Nf4
15. Be4 Bxe4 16. Rxe4 Qe7 17. Qd2 Ng6 18. Rae1 Rf7 19. Rc4 d5 20. exd6 cxd6 21.
Rd4 Rd8 22. c4 e5 23. Rg4 Qe6 24. Qg5 Qf6 25. Qxf6 Rxf6 26. Ne4 Rf4 27. Rg3 d5
28. Rd3 d4 29. g3 Rf5 30. b4 h5 31. h4 Ne7 32. Rc1 Nc6 33. a3 a5 34. b5 Ne7 35.
c5 bxc5 36. Rxc5 Rc8 37. b6 Rxc5 38. Nxc5 Nc6 39. Rb3 Nb8 40. Ne4 Rf8 41. Rb5
Rd8 42. Rxe5 d3 43. Rxa5 d2 44. Nxd2 Rxd2 45. Ra8 Rd8 46. a4 Kf7 47. a5 Rd1+
48. Kg2 Nc6 49. b7 Rb1 50. a6 Rb6 51. Rc8 Rxa6 52. Rxc6 1-0

[Event "Jm KP I 23-24 Letovice-Jundrov C"]
[Site "?"]
[Date "2024.04.14"]
[Round "65.3"]
[White "Moc, Martin"]
[Black "Kuchar, Matej"]
[Result "1-0"]
[WhiteElo "1963"]
[BlackElo "2055"]
[PlyCount "49"]
[EventDate "2024.??.??"]

1. d4 Nf6 2. c4 g6 3. Nc3 Bg7 4. Nf3 O-O 5. e3 c5 6. Be2 cxd4 7. exd4 d5 8. O-O
Nc6 9. h3 Be6 10. Bg5 h6 11. cxd5 Nxd5 12. Be3 Kh7 13. a3 Rc8 14. Qa4 Qd7 15.
Rad1 Rfd8 16. Ne4 Nxe3 17. fxe3 Nxd4 18. Rxd4 Bxd4 19. Qxd4 Qc6 20. Qe5 Rd5 21.
Qc3 Qb6 22. Bc4 Ra5 23. b3 Bxc4 24. bxc4 Qa6 25. Nfg5+ 1-0

[Event "Jm KP I 23-24 Letovice-Jundrov C"]
[Site "?"]
[Date "2024.04.14"]
[Round "65.4"]
[White "Svobodova, Michaela"]
[Black "Moc, Roman"]
[Result "1/2-1/2"]
[WhiteElo "1944"]
[BlackElo "1947"]
[PlyCount "102"]
[EventDate "2024.??.??"]

1. e4 d5 2. exd5 Qxd5 3. Nc3 Qa5 4. d4 c6 5. Nf3 Nf6 6. Bd2 Bf5 7. Bc4 e6 8.
O-O Qc7 9. Re1 Be7 10. Bg5 Nbd7 11. Qd2 h6 12. Bf4 Qc8 13. Bd3 Bxd3 14. Qxd3
Nb6 15. Ne4 Nxe4 16. Qxe4 O-O 17. Rad1 Nd5 18. c3 Nf6 19. Qe2 Rd8 20. Ne5 Bd6
21. Qf3 Bxe5 22. Bxe5 Nd7 23. Bf4 Nf8 24. h4 Qd7 25. Qg4 Kh7 26. Rd3 f5 27. Qf3
Qf7 28. Rde3 Rd7 29. h5 Re8 30. Be5 g5 31. hxg6+ Nxg6 32. Qe2 Rg8 33. Rh3 Nxe5
34. Qxe5 Rg6 35. Rg3 Rxg3 36. Qxg3 Qf6 37. Qe5 Qxe5 38. Rxe5 Re7 39. Kf1 Kg6
40. Ke2 Kf6 41. a4 Rg7 42. g3 h5 43. a5 a6 44. b4 Rg4 45. Kd3 Ke7 46. Kc4 Kd6
47. Re1 h4 48. gxh4 Rxh4 49. Rg1 Rh7 50. Rg2 Re7 51. Rg8 Rh7 1/2-1/2

[Event "Jm KP I 23-24 Letovice-Jundrov C"]
[Site "?"]
[Date "2024.04.14"]
[Round "65.5"]
[White "Pucalka, Vojtech"]
[Black "Ruzicka, Frantisek"]
[Result "1/2-1/2"]
[WhiteElo "1889"]
[BlackElo "2019"]
[PlyCount "96"]
[EventDate "2024.??.??"]

1. e4 c5 2. Nf3 e6 3. d4 cxd4 4. Nxd4 a6 5. Be3 Nf6 6. Bd3 Qc7 7. O-O d6 8. Nc3
Nbd7 9. Qe2 b5 10. a3 Bb7 11. Nb3 Rc8 12. Rfe1 Be7 13. Nd2 O-O 14. Nf1 Qb8 15.
Ng3 Ne5 16. f3 Nc4 17. Bxc4 Rxc4 18. a4 Bc6 19. axb5 axb5 20. Nf1 Bd7 21. Ba7
Qb7 22. Ne3 Rc7 23. Bd4 Rfc8 24. Ra7 Qc6 25. Rxc7 Rxc7 26. e5 dxe5 27. Bxe5 Rc8
28. Qd3 b4 29. Ncd1 Qb7 30. c3 Rd8 31. cxb4 Bc6 32. Qe2 Bb5 33. Qc2 Bxb4 34.
Bc3 Be7 35. Nf2 Qb6 36. Kh1 Nd5 37. Nxd5 Rxd5 38. Ne4 f5 39. Qf2 Qd8 40. Ng3
Bc5 41. Qc2 Qd7 42. Nh5 Bf8 43. Nf4 Rd6 44. Qb3 Kf7 45. Nxe6 Ba4 46. Nxf8+ Bxb3
47. Nxd7 Rxd7 48. Kg1 Rd1 1/2-1/2

[Event "Jm KP I 23-24 Letovice-Jundrov C"]
[Site "?"]
[Date "2024.04.14"]
[Round "65.6"]
[White "Ruzicka, Martin"]
[Black "Jacko, Tomas"]
[Result "1-0"]
[WhiteElo "1977"]
[BlackElo "2013"]
[PlyCount "59"]
[EventDate "2024.??.??"]

1. d4 e6 2. e4 d5 3. Nc3 Nf6 4. Bg5 dxe4 5. Nxe4 Be7 6. Bxf6 gxf6 7. Nf3 f5 8.
Ned2 c5 9. dxc5 Bxc5 10. Bb5+ Bd7 11. Qe2 Bxf2+ 12. Qxf2 Bxb5 13. O-O-O Qc7 14.
Nb3 Nd7 15. Qh4 Be2 16. Rd2 Bxf3 17. gxf3 Ne5 18. Qf6 Ng6 19. Rhd1 Rc8 20. h4
Rg8 21. h5 Nf4 22. Nc5 Nxh5 23. Qd4 Qxc5 24. Qxc5 Rxc5 25. Rd8+ Ke7 26. R1d7+
Kf6 27. Rxg8 Nf4 28. Rf8 Rd5 29. Rfxf7+ Ke5 30. Rxd5+ 1-0

[Event "Jm KP I 23-24 Letovice-Jundrov C"]
[Site "?"]
[Date "2024.04.14"]
[Round "65.7"]
[White "Marek, Jiri"]
[Black "Sipek, Oldrich"]
[Result "1-0"]
[WhiteElo "1938"]
[BlackElo "1945"]
[PlyCount "85"]
[EventDate "2024.??.??"]

1. e4 c5 2. Nf3 g6 3. d4 Bg7 4. Bc4 e6 5. O-O cxd4 6. Nxd4 a6 7. a4 Nc6 8. Be3
Nge7 9. c3 O-O 10. Na3 d5 11. exd5 Nxd5 12. Nxc6 bxc6 13. Bd4 e5 14. Bc5 Re8
15. Re1 Rb8 16. Qd2 Be6 17. Rad1 Qc7 18. f3 h5 19. Qf2 a5 20. Bf1 Nf4 21. Nc4
Bxc4 22. Bxc4 Qb7 23. b3 Nd5 24. Qc2 Nb6 25. Bxb6 Qxb6+ 26. Kf1 Qc5 27. Rd7 Rf8
28. Red1 Rbe8 29. Qe4 Re7 30. Rxe7 Qxe7 31. Qxc6 Qg5 32. Qe4 Kh7 33. Rd7 Qc1+
34. Kf2 Qxc3 35. Bxf7 Qc5+ 36. Kg3 Qb6 37. Bc4 Rf4 38. Qxe5 Rf6 39. Qe8 h4+ 40.
Kh3 Kh6 41. Qe7 Bf8 42. Qh7+ Kg5 43. Qxh4+ 1-0

[Event "Jm KP I 23-24 Letovice-Jundrov C"]
[Site "?"]
[Date "2024.04.14"]
[Round "65.8"]
[White "Tioka, Zdenek"]
[Black "Mizak, Jan"]
[Result "0-1"]
[WhiteElo "1970"]
[BlackElo "1901"]
[PlyCount "128"]
[EventDate "2024.??.??"]

1. e4 c5 2. Nc3 d6 3. Bb5+ Bd7 4. Bxd7+ Nxd7 5. d4 cxd4 6. Qxd4 Qb6 7. Nge2
Ngf6 8. Qxb6 Nxb6 9. b3 g6 10. Bb2 Bg7 11. O-O-O O-O 12. f3 Rac8 13. Kb1 a6 14.
Nf4 Rc7 15. Ncd5 Nbxd5 16. Nxd5 Nxd5 17. Rxd5 Rfc8 18. c4 Bxb2 19. Kxb2 h5 20.
Rhd1 Kg7 21. R1d2 f6 22. f4 Kf7 23. g3 Rg8 24. h4 Rgc8 25. a4 Ke6 26. Re2 Kf7
27. e5 fxe5 28. fxe5 e6 29. Rd3 dxe5 30. Rxe5 Kf6 31. Rde3 Re7 32. Kc3 Rd8 33.
Re1 Rdd7 34. b4 Rd6 35. c5 Rd8 36. b5 axb5 37. axb5 Ra8 38. Kb4 Ra2 39. R1e3
Ra1 40. R5e4 e5 41. Rc4 Ke6 42. Rd4 Rf1 43. Rd8 Rb1+ 44. Ka5 Rc1 45. Kb6 Kf5
46. Rd6 e4 47. c6 bxc6 48. Rxc6 Rb1 49. Rc5+ Re5 50. Kc6 Rxc5+ 51. Kxc5 Ke5 52.
Rc3 Rd1 53. b6 Rd8 54. b7 Rb8 55. Kc6 Kd4 56. Ra3 e3 57. Kc7 Rxb7+ 58. Kxb7 e2
59. Ra1 Ke3 60. Kc6 Kf2 61. Ra2 Kf1 62. Ra1+ e1=Q 63. Rxe1+ Kxe1 64. Kd5 Kf2
0-1

[Event "Jm KP I 23-24 Duras B-Loko Brno B"]
[Site "?"]
[Date "2024.04.14"]
[Round "66.1"]
[White "Tuma, Miroslav"]
[Black "Buchta, Vaclav"]
[Result "1/2-1/2"]
[WhiteElo "1886"]
[BlackElo "2104"]
[PlyCount "93"]
[EventDate "2024.??.??"]

1. e4 g6 2. d4 Bg7 3. f4 d6 4. Nf3 a6 5. h3 Nf6 6. Bd3 c5 7. c3 O-O 8. O-O b5
9. Be3 c4 10. Bc2 Bb7 11. Nbd2 Nbd7 12. Qe1 a5 13. g4 h6 14. g5 hxg5 15. Nxg5
Bh6 16. f5 Bxg5 17. Bxg5 Kg7 18. fxg6 fxg6 19. Nf3 e5 20. d5 Qe7 21. Qg3 Qe8
22. Nh4 Kh7 23. Kh2 Qf7 24. Kg1 Qg7 25. Qe3 Nh5 26. Rxf8 Rxf8 27. Rf1 Rxf1+ 28.
Kxf1 Qf7+ 29. Qf2 Kg7 30. Ng2 Nc5 31. Qxf7+ Kxf7 32. Ke2 Bc8 33. h4 Bg4+ 34.
Kf2 b4 35. Ne3 b3 36. Bb1 Nd3+ 37. Kg2 bxa2 38. Bxa2 Be2 39. Nxc4 Ndf4+ 40. Kf2
Bxc4 41. Bxc4 Nh3+ 42. Kf3 Nxg5+ 43. hxg5 Ke7 44. Bb5 Nf4 45. Kg3 Kd8 46. b4
Nh5+ 47. Kf3 1/2-1/2

[Event "Jm KP I 23-24 Duras B-Loko Brno B"]
[Site "?"]
[Date "2024.04.14"]
[Round "66.2"]
[White "Pribyl, Rene"]
[Black "Chmelicek, Bronislav"]
[Result "1/2-1/2"]
[WhiteElo "1914"]
[BlackElo "1914"]
[PlyCount "41"]
[EventDate "2024.??.??"]

1. d4 d5 2. c4 e6 3. Nc3 Nf6 4. Nf3 c5 5. cxd5 Nxd5 6. e4 Nxc3 7. bxc3 cxd4 8.
cxd4 Bb4+ 9. Bd2 Qa5 10. Be2 Bxd2+ 11. Qxd2 Qxd2+ 12. Nxd2 O-O 13. f4 Rd8 14.
Nb3 b6 15. Bf3 Bb7 16. Ke2 Nc6 17. Rhd1 Rd7 18. g4 Rad8 19. Ke3 a5 20. a4 Nb4
21. Rd2 1/2-1/2

[Event "Jm KP I 23-24 Duras B-Loko Brno B"]
[Site "?"]
[Date "2024.04.14"]
[Round "66.3"]
[White "Zavadil, Michal"]
[Black "Sladek, Vladislav"]
[Result "1/2-1/2"]
[WhiteElo "1988"]
[BlackElo "1926"]
[PlyCount "43"]
[EventDate "2024.??.??"]

1. d4 d5 2. Nc3 Nf6 3. Bf4 Bf5 4. e3 a6 5. Nf3 e6 6. Ne5 Nbd7 7. g4 Nxe5 8.
gxf5 Nc6 9. fxe6 fxe6 10. a3 Bd6 11. Bg5 Rf8 12. Qd3 Qe7 13. Bh3 h6 14. Bh4 g5
15. Bg3 O-O-O 16. O-O-O h5 17. Rhe1 h4 18. Bxd6 Qxd6 19. Qg6 g4 20. Bxg4 Nxg4
21. Qxg4 Rxf2 22. Qxh4 1/2-1/2

[Event "Jm KP I 23-24 Duras B-Loko Brno B"]
[Site "?"]
[Date "2024.04.14"]
[Round "66.4"]
[White "Vesely, Jaromir"]
[Black "Hyrs, Martin"]
[Result "1-0"]
[WhiteElo "1921"]
[BlackElo "1886"]
[PlyCount "99"]
[EventDate "2024.??.??"]

1. d4 Nf6 2. c4 e6 3. Nc3 d5 4. Nf3 Be7 5. Bg5 Nbd7 6. e3 c6 7. Bd3 O-O 8. O-O
dxc4 9. Bxc4 Nd5 10. Bxe7 Qxe7 11. e4 Nxc3 12. bxc3 e5 13. Nxe5 Nxe5 14. dxe5
Qxe5 15. Qd4 Qe7 16. Rad1 Be6 17. Qe5 Rfe8 18. Bxe6 Qxe6 19. Qxe6 Rxe6 20. f3
Rae8 21. Rd7 R6e7 22. Rfd1 Kf8 23. Kf2 Rxd7 24. Rxd7 Re7 25. Rd4 Ke8 26. a4 Re5
27. Ke3 Rc5 28. Kd3 f5 29. f4 fxe4+ 30. Rxe4+ Kf7 31. g4 g6 32. Rb4 Rd5+ 33.
Rd4 Ke6 34. Kc4 b5+ 35. axb5 cxb5+ 36. Kb4 Rxd4+ 37. cxd4 a6 38. Kc5 h5 39.
gxh5 gxh5 40. Kc6 b4 41. d5+ Kf5 42. d6 b3 43. d7 b2 44. d8=Q b1=Q 45. Qg5+ Ke6
46. Qe5+ Kf7 47. Qxh5+ Qg6+ 48. Qxg6+ Kxg6 49. h4 Kh5 50. f5 1-0

[Event "Jm KP I 23-24 Duras B-Loko Brno B"]
[Site "?"]
[Date "2024.04.14"]
[Round "66.5"]
[White "Moulis, Rudolf"]
[Black "Marsa, Alexandr"]
[Result "1/2-1/2"]
[WhiteElo "1885"]
[BlackElo "1973"]
[PlyCount "54"]
[EventDate "2024.??.??"]

1. e4 e6 2. d4 d5 3. Nd2 a6 4. Bd3 c5 5. c3 Nc6 6. Ndf3 cxd4 7. cxd4 dxe4 8.
Bxe4 Nf6 9. Bxc6+ bxc6 10. Ne2 c5 11. O-O Bb7 12. Qa4+ Qd7 13. Qxd7+ Nxd7 14.
Ne5 cxd4 15. Nxd7 Kxd7 16. Nxd4 Bd6 17. Be3 Rac8 18. Rac1 Rxc1 19. Rxc1 Rc8 20.
Rxc8 Bxc8 21. Nf3 f6 22. Nd2 Bb7 23. Nc4 Be7 24. f3 e5 25. Kf2 Ke6 26. Ke2 f5
27. Bb6 h5 1/2-1/2

[Event "Jm KP I 23-24 Duras B-Loko Brno B"]
[Site "?"]
[Date "2024.04.14"]
[Round "66.6"]
[White "Lisik, Miroslav"]
[Black "Fuchs, Ludek"]
[Result "0-1"]
[WhiteElo "1866"]
[BlackElo "1920"]
[PlyCount "82"]
[EventDate "2024.??.??"]

1. e4 c5 2. Nf3 Nc6 3. d4 cxd4 4. Nxd4 d6 5. Nc3 Nf6 6. Bg5 g6 7. Bxf6 exf6 8.
Qd2 Bg7 9. Ndb5 O-O 10. O-O-O Qa5 11. Nxd6 Rd8 12. Qe3 a6 13. Nc4 Rxd1+ 14.
Kxd1 Qh5+ 15. Be2 Bg4 16. f3 Rd8+ 17. Ke1 Be6 18. g4 Qh4+ 19. Qf2 Qh6 20. Ne3
Bf8 21. a3 Bc5 22. f4 Qh3 23. Ncd1 Rxd1+ 24. Kxd1 Qxe3 25. Qxe3 Bxe3 26. f5 Bd7
27. Re1 Bf4 28. h3 Ne5 29. b3 Kg7 30. c4 Kh6 31. Rf1 Be3 32. b4 Bc6 33. fxg6
Kxg6 34. Kc2 Bxe4+ 35. Kc3 Bg2 36. Rd1 Bxh3 37. Rd8 f5 38. Re8 Kf6 39. gxf5
Bxf5 40. Bf3 Bd7 41. Rd8 Ke7 0-1

[Event "Jm KP I 23-24 Duras B-Loko Brno B"]
[Site "?"]
[Date "2024.04.14"]
[Round "66.7"]
[White "Mencik, Pavel"]
[Black "Licka, Vlastimil"]
[Result "1/2-1/2"]
[WhiteElo "1801"]
[BlackElo "1918"]
[PlyCount "63"]
[EventDate "2024.??.??"]

1. e4 c5 2. Nf3 d6 3. Bc4 Nc6 4. h3 e6 5. O-O Nf6 6. Re1 Be7 7. c3 O-O 8. d4
Nxe4 9. Rxe4 d5 10. Re1 dxc4 11. Be3 cxd4 12. cxd4 Bf6 13. Na3 Qd5 14. Qa4 a6
15. Qxc4 b5 16. Qxd5 exd5 17. Rec1 Na5 18. b3 Be7 19. Nc2 Bf5 20. Nce1 Rfc8 21.
Rxc8+ Rxc8 22. Rc1 Rxc1 23. Bxc1 Bb1 24. Bd2 b4 25. a3 Nc6 26. axb4 Nxb4 27.
Bc3 Na2 28. Bb2 Bb4 29. Kf1 f6 30. Ke2 Kf7 31. Nd3 Bc2 32. Nxb4 1/2-1/2

[Event "Jm KP I 23-24 Duras B-Loko Brno B"]
[Site "?"]
[Date "2024.04.14"]
[Round "66.8"]
[White "Blazek, Pavel"]
[Black "Luc, Martin"]
[Result "1/2-1/2"]
[WhiteElo "1862"]
[BlackElo "1764"]
[PlyCount "38"]
[EventDate "2024.??.??"]

1. e4 c5 2. Nf3 Nc6 3. d4 cxd4 4. Nxd4 e5 5. Nxc6 bxc6 6. Bc4 Nf6 7. O-O Bb4 8.
Qd3 O-O 9. Bg5 h6 10. Bh4 Qe7 11. a3 Ba5 12. b4 Bb6 13. Nc3 Bd4 14. Bxf6 Qxf6
15. Rad1 d6 16. b5 Bg4 17. Rd2 Bxc3 18. Qxc3 cxb5 19. Bxb5 Rac8 1/2-1/2